| 000 | 00782nam a22001817a 4500 | ||
|---|---|---|---|
| 005 | 20230622151238.0 | ||
| 008 | 230615b ||||| |||| 00| 0 eng d | ||
| 020 | _a9780198759140 | ||
| 050 | _aKD7869.H47(5e) | ||
| 100 |
_aHerring, Jonathan. _91825 |
||
| 245 |
_aCriminal law: concentrate / _cJonathan Herring. |
||
| 250 | _a5th ed. | ||
| 260 |
_aNew York: _bOxford University Press, _c2016. |
||
| 300 |
_axiii, 192p.: _c23 cm. |
||
| 500 | _aIncludes index | ||
| 505 | _aContents: The basis of criminal liability -- Actus reus -- Mens rea -- Strict liability -- Non-fetal offences against the person -- Sexual offences -- Homicide I -- Homicide II -- Inchoate offences -- Participation -- Theft -- Fraud -- Other property offences -- Defenses I -- Defenses II. | ||
| 942 |
_2lcc _cBK |
||
| 999 |
_c9702 _d17202 |
||